Demon Slayer Family Lines - Statistics

General Stats
  • This quiz has been taken 124 times
    76 since last reset
  • The average score is 32 of 48
Answer Stats
Answer % Correct
Tanjirou Kamado
95%
Giyuu Tomioka
84%
Nezuko Kamado
84%
Sanemi Shinazugawa
82%
Genya Shinazugawa
80%
Inosuke Hashibira
80%
Muzan Kibutsuji
80%
Kagaya Ubuyashiki
77%
Kanae Kocho
77%
Kie Kamado
77%
Kyojuro Rengoku
77%
Rokuta Kamado
77%
Shinobu Kocho
77%
Tanjurou Kamado
77%
Tengen Uzui
77%
Senjuro Rengoku
75%
Hanako Kamado
73%
Shinjuro Rengoku
73%
Amane Ubuyashiki
70%
Kiriya Ubuyashiki
70%
Takeo Kamado
70%
Makio Uzui
68%
Muichiro Tokito
68%
Shigeru Kamado
68%
Suma Uzui
68%
Tsutako Tomioka
68%
Yuichiro Tokito
68%
HInatsuru Uzui
66%
Kotoha Hashibira
66%
Ruka Rengoku
64%
Hiroshi Shinazugawa
59%
Kanata Ubuyashiki
59%
Koto Shinazugawa
59%
Kuina Ubuyashiki
59%
Shizu Shinazugawa
59%
Sumi Shinazugawa
59%
Kyogo Shinazugawa
57%
Michikatsu Tsugikuni
57%
Nichika Ubuyashiki
57%
Shuya Shinazugawa
57%
Teiko Shinazugawa
57%
Yoriichi Tsugikuni
57%
Hinaki Ubuyashiki
55%
Rei Kibutsuji
52%
Akio Shinazugawa
50%
Gyutaro Shabana
50%
Madoku Kibutsuji
50%
Ume Shabana
50%
No matching quizzes found
Score Distribution
Percent of People with Each Score
Percentile by Number Answered
Your Score History
You have not taken this quiz since the last reset